Escudos dos clubes da Libertadores da América 2025 - Statistics

Estatísticas Gerais
  • Esse quiz foi jogado 263 vezes
    93 desde o último reset
  • A pontuação média é 27 de 32
Estatísticas das Respostas
Imagem Resposta % Correto
Flamengo
100%
Barcelona
99%
Botafogo
99%
Internacional
99%
Palmeiras
99%
Peñarol
99%
River Plate
99%
São Paulo
99%
Colo-Colo
97%
Olimpia
96%
Nacional
95%
Racing
92%
Fortaleza
91%
Bahia
90%
LDU
87%
Vélez Sarsfield
87%
Estudiantes
86%
Talleres
85%
Atlético Nacional
84%
Bolívar
84%
Universitario
82%
Club Libertad
80%
Cerro Porteño
78%
Independiente del Valle
78%
Alianza Lima
77%
Sporting Cristal
72%
Central Córdoba
63%
Universidad de Chile
62%
Deportivo Táchira
61%
Atlético Bucaramanga
51%
Carabobo
47%
San Antonio Bulo Bulo
39%
Nenhum quiz correspondente encontrado
Distribuição das Pontuações
Porcentagem de Pessoas com Cada Pontuação
Percentil de Números Respondidos
Sua Pontuação Histórica
Você não jogou esse quiz desde o último reset